Leader xxxxxxxxxx
001 __ PCLIS00050664
005 __ 20100701100940.0008
010 0_ |a9789862131176|b電子書|dNT$1500
010 0_ |a9789862131206|b精裝|dNT$499
020 __ |atw|b98006079
042 __ |anbic
050 __ |a002041449
100 __ |a20090518d2009 m y0chib50 e
101 0_ |achi
102 __ |atw
105 __ |aa z 000cd
200 1_ |a星空|dThe starry starry night|zeng|f幾米作
205 __ |a初版
210 __ |a臺北市|c大塊文化出版|a臺北縣[新莊市]|c大和書報總經銷|d2009.05
225 1_ |a幾米作品|v32
300 __ |a電子書
606 __ |2csh|a繪本
681 __ |a855|b856:14-26
700 _0 |a幾米|c(繪畫)
801 _0 |atw|bCIP|c20090402|gCCR
801 _1 |atw|bCIP|c20090402|gCCR
801 _2 |atw|b國圖|c20100625|gCCR
856 42 |uhttps://reading.udn.com/udnlib/nhsh/B/61899|zUDN讀書館
|